000 00903nam a22001937a 4500
999 _c58727
_d58727
005 20220708115647.0
008 220708s2018en xxu||||| |||| 00| 0 eng d
020 _a9781845416393 (pbk : alk. paper) 9781845416409 (hbk : alk. paper)
041 _aeng
080 _a338.48 Q-18
245 _aQualitative methods in tourism research : theory and practice /
_cedited by : Wendy Hillman, and Kylie Radel.
264 _aBristol:
_bChannel View Publications,
_c2018.
300 _axxvi, 293 pages ;
_c24 cm.
653 _aQualitative methods in tourism research : theory and practice
653 _aტურიზმის კვლევის თვისებრივი მეთოდები: თეორია და პრაქტიკა
700 _aHillman, Wendy
_eრედაქტორი
_914328
700 _a Radel, Kylie
_eრედაქტორი
_914329
942 _2udc
_cBK